Missing Word: All-TIME 100 Novels Quiz Stats

Quiz Updated Mar 8, 2016

Challenge
Share
Tweet
Embed
Score 0/22 Timer 04:00
2 Plays Today
Title Missing Word % Correct
To Kill a _____Mockingbird
97.9%
The _____ in the RyeCatcher
96.1%
The Grapes of _____Wrath
94.8%
_____ of the FliesLord
94.5%
The _____ Also RisesSun
86.9%
One Flew Over the _____ NestCuckoo's
86.4%
A _____ OrangeClockwork
85.6%
Go Tell It on the _____Mountain
77.7%
Slaughterhouse-_____Five
74.7%
Tropic of _____Cancer
74.4%
The Sound and the _____Fury
59.1%
Title Missing Word % Correct
On the _____Road
54.6%
_____ NoiseWhite
53.8%
_____ Fall ApartThings
41%
_____ ManInvisible
32.9%
_____, RunRabbit
30.6%
I, _____Claudius
23.8%
_____ RoadRevolutionary
14.3%
_____ RainbowGravity's
11.9%
_____ MeridianBlood
11.2%
Pale _____Fire
7.4%
American _____Pastoral
6.6%

Today's Daily Dose

Missing Word
For Dummies Books

Word Ladder
Ariana Grande

Quick Pick
1970s Authors

On This Day
June 21st II

You're not logged in!

Compare scores with friends on all Sporcle quizzes.
Join for Free
OR
Log In

You Might Also Like...

Show Comments

Extras

Top Quizzes Today


Score Distribution

Your Account Isn't Verified!

In order to create a playlist on Sporcle, you need to verify the email address you used during registration. Go to your Sporcle Settings to finish the process.

Report this User

Report this user for behavior that violates our Community Guidelines.

Details: